Leasing - Handbuch für die betriebliche Praxis

Salvato in:
Dettagli Bibliografici
Altri autori: Hagenmüller, K.F
Natura: Libro
Lingua:tedesco
Pubblicazione: Frankfurt am Main Knapp 1992
Edizione:6. völlig neu bearb. Aufl.
Soggetti:
Tags: Aggiungi Tag
Nessun Tag, puoi essere il primo ad aggiungerne!!

MARC

LEADER 00000nam a2200000 4500
001 c001431
005 20221206083312.5
020 |a 3-7819-0501-2 
041 0 |a ger 
044 |a DE 
245 1 0 |a Leasing - Handbuch für die betriebliche Praxis  |c Edit. K.F. Hagenmüller 
250 |a 6. völlig neu bearb. Aufl. 
264 1 |a Frankfurt am Main  |b Knapp  |c 1992 
300 |a 420 s. 
610 2 0 |a lízing 
610 2 0 |a podnik 
610 2 0 |a Nemecko 
610 2 0 |a modely ekonomické 
610 2 0 |a Francúzsko 
610 2 0 |a Veľká Británia 
610 2 0 |a Rakúsko 
610 2 0 |a Švajčiarsko 
610 2 0 |a USA 
610 2 0 |a právo obchodné 
610 2 0 |a hnuteľnosti 
610 2 0 |a organizácie 
700 1 |a Hagenmüller, K.F.